| 000 | 00505cam a2200181 4500 | ||
|---|---|---|---|
| 008 | 130808n 000 0 eng u | ||
| 020 | _a9781845921323 | ||
| 035 | _a(Sirsi) a180050 | ||
| 050 | _aKD 1480 REE 2008 | ||
| 100 | _aReed, Penelope | ||
| 245 |
_aTrusts and estates law handbook/ _c Penelope Reed |
||
| 250 | _a3rd ed. | ||
| 260 |
_aHaywards Heath : _b Tottel, _c 2008. |
||
| 300 | _aviii, 645 p. | ||
| 504 | _aIncludes index. | ||
| 650 | _aTrusts and trustees | ||
| 650 | _aEstates (Law) | ||
| 999 |
_c120096 _d120096 |
||